[Event "Vallfogona de Balaguer Farre Mem 1st"]
[Site "Vallfogona de Balaguer"]
[Date "2022.05.28"]
[Round "6"]
[White "Jucla Esteve, Francisco Javier"]
[Black "Giribet Cunat, Joan Ramon"]
[Result "0-1"]
[WhiteElo "1516"]
[BlackElo "1843"]
[PlyCount "42"]
[EventDate "2022.04.23"]
[EventType "swiss"]
[EventRounds "8"]
[EventCountry "ESP"]
[SourceTitle "EXT 2023"]
[Source "ChessBase"]
[SourceDate "2022.10.05"]
[SourceVersion "1"]
[SourceVersionDate "2022.10.05"]
[SourceQuality "1"]

1. f4 d5 2. Nf3 Nf6 3. e3 g6 4. Nc3 Bg7 5. Be2 c5 6. Bb5+ Bd7 7. Qe2 0-0 8. Ne5 d4 9. Nd1 Nc6 10. Nxc6 bxc6 11. Bd3 Bg4 12. Qf2 Bxd1 13. Kxd1 e5 14. f5 Nd5 15. e4 c4 16. Bxc4 Ne3+ 17. dxe3 dxe3+ 18. Qd2 exd2 19. Bxd2 Bh6 20. Bd3 Bxd2 21. Kxd2 Qg5+ 0-1

[Event "Mollerussa op-A"]
[Site "Mollerusa"]
[Date "1997.??.??"]
[Round "9"]
[White "Giribet Cunat, Joan Ramon"]
[Black "Rodon Balcells, Jaume"]
[Result "0-1"]
[WhiteElo "2035"]
[BlackElo "2070"]
[PlyCount "44"]
[EventDate "1997.??.??"]
[EventType "swiss"]
[EventRounds "9"]
[EventCountry "ESP"]
[SourceTitle "EXT 2003"]
[Source "ChessBase"]
[SourceDate "2002.11.25"]
[SourceVersion "1"]
[SourceVersionDate "2002.11.25"]
[SourceQuality "1"]

1. c4 Nf6 2. Nc3 e6 3. d4 Bb4 4. Bd2 0-0 5. Qc2 d5 6. Nf3 c5 7. a3 cxd4 8. axb4 dxc3 9. Bxc3 dxc4 10. Ng5 g6 11. Rd1 Nd5 12. Ne4 f5 13. Ng3 Qe7 14. e3 b5 15. Be2 Nc6 16. Bf3 Ncxb4 17. Qd2 Nd3+ 18. Ke2 Bb7 19. h4 b4 20. Bd4 e5 21. Bxd5+ Bxd5 22. e4 exd4 0-1

[Event "Mollerussa op-A"]
[Site "Mollerusa"]
[Date "1997.??.??"]
[Round "1"]
[White "Sasot Samplon, Eloy"]
[Black "Giribet Cunat, Joan Ramon"]
[Result "1-0"]
[WhiteElo "2175"]
[BlackElo "2035"]
[PlyCount "47"]
[EventDate "1997.??.??"]
[EventType "swiss"]
[EventRounds "9"]
[EventCountry "ESP"]
[SourceTitle "EXT 2003"]
[Source "ChessBase"]
[SourceDate "2002.11.25"]
[SourceVersion "1"]
[SourceVersionDate "2002.11.25"]
[SourceQuality "1"]

1. d4 f5 2. c4 Nf6 3. g3 e6 4. Bg2 Be7 5. Nf3 d6 6. 0-0 0-0 7. b3 Ne4 8. Bb2 Bf6 9. Ne1 c5 10. f3 Ng5 11. e4 Nc6 12. Nc2 cxd4 13. Qd2 d3 14. Ne1 Bxb2 15. Qxb2 fxe4 16. f4 Qb6+ 17. Kh1 Nd4 18. fxg5 Ne2 19. Bf3 exf3 20. Nc3 Bd7 21. Ne4 d5 22. c5 Qb5 23. Nf2 d2 24. Ned3 1-0